[Event "?"]
[Site "?"]
[Date "????.??.??"]
[Round "?"]
[White "Murey, J."]
[Black "Denda, R."]
[Result "1-0"]
[WhiteElo "2472"]
[BlackElo "2054"]
[PlyCount "119"]

1. c4 e6 2. g3 d5 3. Bg2 Nf6 4. Nf3 c6 5. Qc2 Nbd7 6. O-O Be7 7. d3 O-O 8. Nc3
Re8 9. e4 dxe4 10. dxe4 e5 11. Be3 Ng4 12. Bd2 Bc5 13. h3 Ngf6 14. Rad1 Bf8 15.
a3 a5 16. Be3 Qe7 17. Rb1 h6 18. b4 axb4 19. axb4 Qe6 20. Nd2 Nh5 21. c5 g5 22.
Ra1 Rxa1 23. Rxa1 Be7 24. Qa2 Qxa2 25. Rxa2 Kg7 26. Nc4 Nhf6 27. Ra7 Kf8 28.
Na4 Rd8 29. Kh2 Ne8 30. Nab6 Nxb6 31. Nxb6 Nc7 32. Nxc8 Rxc8 33. Rxb7 Ne6 34.
Bf3 Nd8 35. Bg4 Ra8 36. Rb6 Ra7 37. Rb8 Ke8 38. Kg2 Rc7 39. Kf3 Rb7 40. Rxb7
Nxb7 41. Bc8 Nd8 42. Kg4 f6 43. Kh5 Bf8 44. Kg6 Ke7 45. f3 Ne6 46. Bxe6 Kxe6
47. f4 exf4 48. gxf4 Be7 49. Bd2 Bd8 50. f5+ Ke5 51. Bc3+ Kxe4 52. Bxf6 Bc7 53.
Bg7 h5 54. f6 g4 55. hxg4 hxg4 56. f7 g3 57. f8=Q Bf4 58. Bh6 Bxh6 59. Kxh6 Ke3
60. Qf1 1-0

[Event "?"]
[Site "?"]
[Date "????.??.??"]
[Round "?"]
[White "Rodkin, R."]
[Black "Degenhardt, N."]
[Result "1-0"]
[WhiteElo "2233"]
[BlackElo "2134"]
[PlyCount "109"]
[EventDate "2006.02.24"]

1. c4 Nf6 2. g3 c6 3. Nf3 d5 4. b3 g6 5. Bb2 Bg7 6. Bg2 O-O 7. O-O Nbd7 8. d3
Re8 9. Nbd2 dxc4 10. Nxc4 Nb6 11. Ncd2 Bg4 12. h3 Bxf3 13. Nxf3 Nbd7 14. Qc2 e5
15. Rfd1 Qe7 16. Nd2 Nb6 17. a4 a6 18. a5 Nbd7 19. Ra4 h6 20. Nc4 Qe6 21. Ba3
Red8 22. Nd6 Rab8 23. Qc4 Nf8 24. Qxe6 Nxe6 25. Nc4 Ne8 26. e3 Rd7 27. Nb6 Rc7
28. h4 Rd8 29. Kf1 Nd6 30. Bh3 f5 31. h5 Ng5 32. Bg2 gxh5 33. Rh4 Nb5 34. Bb2
e4 35. Bxg7 Kxg7 36. Rxh5 Kg6 37. Rh1 Nc3 38. Rd2 exd3 39. f3 Nb1 40. Rd1 d2
41. Na4 Na3 42. Ke2 Ne6 43. Rxd2 Rxd2+ 44. Kxd2 Rd7+ 45. Ke2 Rd5 46. Rd1 Rxd1
47. Kxd1 Nb5 48. Kd2 Nd6 49. Kd3 Kf6 50. f4 Kg6 51. b4 Kf6 52. Nc5 Nxc5+ 53.
bxc5 Nf7 54. e4 fxe4+ 55. Kxe4 1-0

[Event "?"]
[Site "?"]
[Date "????.??.??"]
[Round "?"]
[White "Jaeger, E."]
[Black "Kaminik, A."]
[Result "0-1"]
[WhiteElo "2070"]
[BlackElo "2239"]
[PlyCount "84"]

1. d4 Nf6 2. c4 g6 3. Nc3 Bg7 4. e4 d6 5. Be2 O-O 6. Nf3 Bg4 7. Be3 Nfd7 8. O-O
c5 9. h3 Bxf3 10. Bxf3 Nc6 11. d5 Nd4 12. Be2 a6 13. Qd2 e5 14. dxe6 fxe6 15.
Rab1 Qa5 16. b4 cxb4 17. Bxd4 bxc3 18. Qd3 Nc5 19. Bxc5 Qxc5 20. Rxb7 Rab8 21.
Rxg7+ Kxg7 22. Qxc3+ e5 23. h4 Rb4 24. h5 Ra4 25. hxg6 hxg6 26. Qb3 Ra3 27. Qb2
a5 28. Bf3 Rd3 29. Be2 Qd4 30. Qb5 Rd2 31. Bf3 Rxa2 32. Qd7+ Rf7 33. Qe6 a4 34.
c5 Ra1 35. cxd6 Rxf1+ 36. Kxf1 Qa1+ 37. Ke2 Qb2+ 38. Ke1 a3 39. d7 Qb4+ 40. Kf1
Qb1+ 41. Ke2 Qb5+ 42. Ke1 Rxd7 0-1

[Event "?"]
[Site "?"]
[Date "????.??.??"]
[Round "?"]
[White "Bondick, K-H."]
[Black "Samuelsson, S."]
[Result "1/2-1/2"]
[WhiteElo "2165"]
[BlackElo "2141"]
[PlyCount "52"]

1. d4 d5 2. e4 dxe4 3. Nc3 e6 4. Be3 Nf6 5. f3 Bb4 6. fxe4 Nxe4 7. Qd3 Qd5 8.
Nf3 b6 9. Nd2 Bxc3 10. bxc3 Nxd2 11. Bxd2 Bb7 12. Qg3 O-O 13. Bd3 Qxg2 14. Qxg2
Bxg2 15. Rg1 Bb7 16. Bh6 g6 17. Bxf8 Kxf8 18. Kd2 Nd7 19. Raf1 Rd8 20. h4 Ke7
21. h5 Nf6 22. hxg6 hxg6 23. Rf4 Nh5 24. Rxf7+ Kxf7 25. Bxg6+ Ke7 26. Bxh5 Rh8
1/2-1/2

[Event "?"]
[Site "?"]
[Date "????.??.??"]
[Round "?"]
[White "Soederberg, B."]
[Black "Werchan, H."]
[Result "0-1"]
[WhiteElo "2147"]
[BlackElo "2138"]
[PlyCount "106"]

1. e4 c5 2. Nf3 d6 3. d4 cxd4 4. Nxd4 Nf6 5. Nc3 a6 6. Be2 e5 7. Nb3 Be7 8. O-O
Nbd7 9. Be3 Qc7 10. f3 b5 11. a4 b4 12. Nd5 Nxd5 13. Qxd5 Bb7 14. Qd2 d5 15.
exd5 Nb6 16. d6 Bxd6 17. Rfd1 Rd8 18. Kh1 Be7 19. Qe1 Nd5 20. Bd3 O-O 21. Qe2
Nxe3 22. Qxe3 g6 23. Re1 Bd6 24. Nd2 Rfe8 25. Ne4 Be7 26. Qh6 f5 27. Ng3 Bf8
28. Qg5 Be7 29. Qd2 Bf8 30. Qe2 Qb6 31. Rad1 Bg7 32. Rd2 Kh8 33. Rdd1 e4 34.
fxe4 f4 35. Nf1 Bxb2 36. Qg4 Qf6 37. Nd2 Bc3 38. Re2 Bc8 39. Qf3 h5 40. h3 Be5
41. Nc4 Kg7 42. Rf1 g5 43. Nxe5 Rxe5 44. Ref2 h4 45. Rd1 Qc6 46. Rfd2 Qc3 47.
Qe2 a5 48. Rb1 Be6 49. Rdd1 Rf8 50. Bb5 f3 51. gxf3 Qxf3+ 52. Qxf3 Rxf3 53. Rd3
Rxh3+ 0-1

[Event "?"]
[Site "?"]
[Date "????.??.??"]
[Round "?"]
[White "Reinholz, S."]
[Black "Svensson, Leif"]
[Result "1/2-1/2"]
[WhiteElo "2081"]
[BlackElo "2165"]
[PlyCount "111"]
[EventDate "2006.02.24"]

1. e4 e5 2. Nf3 Nc6 3. Bb5 a6 4. Bxc6 dxc6 5. O-O Bg4 6. h3 h5 7. d3 Qf6 8.
Nbd2 Ne7 9. Nc4 Bxf3 10. Qxf3 Qxf3 11. gxf3 Ng6 12. Be3 O-O-O 13. Rad1 f6 14.
Kh2 c5 15. Nd2 Nh4 16. f4 exf4 17. Bxf4 g5 18. Bg3 Ng6 19. Kg2 Be7 20. Nc4 Rhg8
21. Kf3 Rdf8 22. Ne3 Bd8 23. Rg1 Ne7 24. Rdf1 f5 25. Nxf5 Nxf5 26. exf5 Rxf5+
27. Ke2 Re8+ 28. Kd1 h4 29. Bh2 Rf3 30. Rg2 Bf6 31. Kd2 b5 32. Re1 Rxe1 33.
Kxe1 Rxh3 34. Bg1 Rf3 35. Bh2 Bxb2 36. Rxg5 Bd4 37. Bg1 c4 38. Rg4 cxd3 39.
Rxd4 dxc2 40. Kd2 h3 41. Rh4 Ra3 42. Kxc2 Rxa2+ 43. Kb3 Rd2 44. Rxh3 c5 45. f4
Rd5 46. Rc3 c4+ 47. Kb4 Kd7 48. Re3 Rd1 49. Bf2 Rb1+ 50. Kc3 Rb3+ 51. Kc2 Rxe3
52. Bxe3 Ke6 53. Bc5 a5 54. Bb6 Kf5 55. Bc7 Ke4 56. Bxa5 1/2-1/2

[Event "?"]
[Site "?"]
[Date "????.??.??"]
[Round "?"]
[White "Dueckstein, A."]
[Black "Feavyour, J."]
[Result "0-1"]
[WhiteElo "2276"]
[BlackElo "2068"]
[PlyCount "97"]

1. d4 d5 2. c4 Nc6 3. Nf3 Bg4 4. e3 e6 5. cxd5 exd5 6. Nc3 Bb4 7. Be2 Nf6 8.
O-O O-O 9. Bd2 Re8 10. a3 Bf8 11. b4 Ne4 12. Rc1 a6 13. Ne1 Bxe2 14. Nxe2 Bd6
15. Nf3 Re6 16. Ng3 Qf6 17. Nh5 Qf5 18. Ng3 Qf6 19. Rc2 Ne7 20. Nh5 Qh6 21. Nf4
Rf6 22. Ne5 Rf5 23. f3 Nxd2 24. Qxd2 c6 25. g4 Bxe5 26. gxf5 Bxf4 27. exf4 Nxf5
28. Re1 Qg6+ 29. Kh1 Nxd4 30. Rc3 Qf6 31. Rce3 g6 32. Rd3 Ne6 33. Rde3 Qxf4 34.
Qb2 Qf5 35. Qf2 Kg7 36. Re5 Qf6 37. R5e3 Rd8 38. Rd3 Nf4 39. Rd4 Ne6 40. Rd3
Rd7 41. Rde3 d4 42. Rd3 Rd5 43. Red1 a5 44. bxa5 Rxa5 45. Rb3 Rf5 46. a4 c5 47.
Rxb7 Rxf3 48. Qg2 Rf2 49. Qh3 0-1

[Event "?"]
[Site "?"]
[Date "????.??.??"]
[Round "?"]
[White "Strauss, A."]
[Black "Macdonald-Ross, S."]
[Result "1-0"]
[WhiteElo "2185"]
[BlackElo "2065"]
[PlyCount "31"]

1. c4 c5 2. Nf3 g6 3. g3 Bg7 4. Bg2 Nc6 5. O-O e6 6. Nc3 Nge7 7. e3 O-O 8. d4
cxd4 9. Nxd4 Nxd4 10. exd4 d5 11. cxd5 Nxd5 12. Qb3 Bxd4 13. Bh6 Re8 14. Nxd5
exd5 15. Rad1 Qf6 16. Qa4 1-0

[Event "?"]
[Site "?"]
[Date "????.??.??"]
[Round "?"]
[White "Rety, J."]
[Black "Seuss, O."]
[Result "0-1"]
[WhiteElo "2006"]
[BlackElo "2113"]
[PlyCount "90"]

1. e4 c5 2. c4 Nc6 3. Nc3 g6 4. d3 Bg7 5. Be3 d6 6. Qd2 Nd4 7. Be2 e6 8. Bd1
Bd7 9. Nge2 Qb6 10. O-O Ne7 11. Rb1 Nec6 12. a3 a5 13. Ba4 O-O 14. Bf4 Nb8 15.
Nxd4 cxd4 16. Nb5 e5 17. Bg5 f6 18. Bh6 Na6 19. Bb3 Nc5 20. Ba2 a4 21. Rfd1 Kh8
22. Bxg7+ Kxg7 23. Qb4 Rfc8 24. b3 axb3 25. Bxb3 Bxb5 26. cxb5 Qa5 27. Bd5 Qxa3
28. g3 Qxb4 29. Rxb4 Ra3 30. Bc4 Rc3 31. Kf1 Nxe4 32. Be6 Re8 33. Bd5 Nc5 34.
Rc4 Rxc4 35. dxc4 Ra8 36. Rd2 d3 37. f3 f5 38. Kf2 f4 39. Rb2 Kf6 40. Ke1 Ra1+
41. Kf2 Rc1 42. Rd2 g5 43. Bg8 h5 44. Bd5 h4 45. Kg2 Rc2 0-1

[Event "?"]
[Site "?"]
[Date "????.??.??"]
[Round "?"]
[White "Krieger, H."]
[Black "Taksrud, V."]
[Result "1/2-1/2"]
[WhiteElo "2218"]
[BlackElo "2087"]
[PlyCount "82"]

1. e4 d5 2. exd5 Nf6 3. d4 Nxd5 4. Nf3 Bg4 5. Be2 e6 6. O-O Be7 7. c4 Nb6 8.
Be3 O-O 9. Nc3 c6 10. b3 N8d7 11. Qd2 a5 12. a3 Nc8 13. Qa2 Nf6 14. Rad1 Nd6
15. Ne5 Bxe2 16. Nxe2 Nf5 17. Bc1 Qc7 18. Rfe1 Rfd8 19. Nf3 c5 20. Qc2 a4 21.
d5 axb3 22. Qb1 Nd4 23. Nexd4 cxd4 24. Qxb3 exd5 25. cxd5 Rxd5 26. Rxd4 Rda5
27. Bf4 Qc5 28. Qxb7 Bf8 29. a4 Rxa4 30. Rxa4 Rxa4 31. Be3 Qc2 32. Ne5 Qa2 33.
h3 Qe6 34. Bd2 Qd5 35. Qc7 Re4 36. Rxe4 Nxe4 37. Be3 Qd1+ 38. Kh2 Qd5 39. g3 f6
40. Qc4 Qxc4 41. Nxc4 Bc5 1/2-1/2

[Event "?"]
[Site "?"]
[Date "????.??.??"]
[Round "?"]
[White "Strand, K W."]
[Black "Kelschner, H."]
[Result "1/2-1/2"]
[WhiteElo "2062"]
[BlackElo "2137"]
[PlyCount "83"]
[EventDate "2006.02.24"]

1. e4 g6 2. d4 Bg7 3. Nf3 c6 4. Bd3 d6 5. c3 Nf6 6. O-O Qc7 7. Qe2 e5 8. dxe5
dxe5 9. Be3 O-O 10. Nbd2 Nbd7 11. h3 Re8 12. Bc4 b5 13. Bb3 h6 14. Nh4 Nf8 15.
Rac1 Ne6 16. c4 a6 17. a3 Qe7 18. cxb5 cxb5 19. Nhf3 Nf4 20. Bxf4 exf4 21. e5
Bf5 22. Rfe1 Qd7 23. Bc2 Rad8 24. Nb3 Bxc2 25. Rxc2 Nd5 26. Nc5 Qa7 27. Qe4 f5
28. Qe2 g5 29. Qd3 Ne3 30. Qb3+ Nc4 31. Nd3 Kh8 32. a4 Qd7 33. axb5 axb5 34.
Nc5 Qc6 35. Nd3 Qd5 36. Nb4 Qd7 37. Rce2 g4 38. hxg4 fxg4 39. Nh4 Re6 40. Na6
Qc6 41. Nb4 Qd7 42. Na2 1/2-1/2

[Event "?"]
[Site "?"]
[Date "????.??.??"]
[Round "?"]
[White "Bold, K."]
[Black "Haug, K."]
[Result "1-0"]
[WhiteElo "2155"]
[BlackElo "1993"]
[PlyCount "117"]

1. e4 e5 2. d4 exd4 3. Nf3 Nc6 4. c3 d6 5. cxd4 Be7 6. Nc3 Nf6 7. Bd3 O-O 8. h3
h6 9. O-O Bd7 10. Be3 Re8 11. Rc1 Qc8 12. Re1 Nd8 13. e5 dxe5 14. dxe5 Nh7 15.
Nd5 Bc6 16. Nxe7+ Rxe7 17. Qc2 Nf8 18. Bf5 Nfe6 19. Bc5 Re8 20. Re3 Qb8 21. Nd4
Nxd4 22. Bxd4 Ne6 23. Bc3 Qd8 24. Be4 Bxe4 25. Qxe4 c6 26. f4 Qb6 27. Kh2 Rad8
28. Rf1 c5 29. Rg3 Nd4 30. f5 Kh8 31. f6 g5 32. h4 Qe6 33. hxg5 Qxe5 34. Qxe5
Rxe5 35. gxh6 Rg8 36. Rxg8+ Kxg8 37. g4 Kh7 38. Rf4 Re2+ 39. Kg3 Ne6 40. Rf5
Kxh6 41. Rd5 b5 42. Kf3 Rc2 43. Rd7 Kg6 44. Rxa7 Nd4+ 45. Ke4 Kxf6 46. Rb7 Rg2
47. Rxb5 Rxg4+ 48. Kd3 Ke6 49. Rxc5 Nf3 50. Rc6+ Ke7 51. b4 f5 52. b5 Kd7 53.
Rf6 Nh4 54. b6 Kc8 55. Rf7 Rg3+ 56. Kc4 Re3 57. a4 Re6 58. b7+ Kb8 59. Kd5 1-0

[Event "?"]
[Site "?"]
[Date "????.??.??"]
[Round "?"]
[White "Kvendal, L."]
[Black "Betz, E."]
[Result "0-1"]
[WhiteElo "1956"]
[BlackElo "2035"]
[PlyCount "93"]

1. d4 f5 2. g3 Nf6 3. Bg2 g6 4. Nf3 Bg7 5. O-O O-O 6. c4 d6 7. Nc3 Qe8 8. d5 a5
9. Rb1 Na6 10. Nd4 Rb8 11. Ncb5 Bd7 12. a3 c6 13. Nc3 e5 14. Nb3 cxd5 15. cxd5
a4 16. Na5 Qd8 17. Nc4 Qc7 18. Nd2 b5 19. Nf3 h6 20. Be3 Ng4 21. Bd2 Nc5 22. h3
Nf6 23. Nh4 Kh7 24. Be3 Nb3 25. Na2 g5 26. Nf3 Rbc8 27. Nb4 Qb7 28. Bxg5 hxg5
29. Nxg5+ Kg6 30. Nf3 e4 31. Nh4+ Kf7 32. e3 Rh8 33. f3 Qb6 34. Qe2 Rxh4 35.
gxh4 Bh6 36. Rfe1 Rg8 37. Kh1 Nh5 38. Kh2 Ng3 39. Qc2 Nf1+ 40. Rxf1 Qxe3 41.
Qf2 Nd2 42. fxe4 Nxf1+ 43. Qxf1 Qf4+ 44. Qxf4 Bxf4+ 45. Kh1 fxe4 46. Bxe4 Re8
47. Bc2 0-1

[Event "?"]
[Site "?"]
[Date "????.??.??"]
[Round "?"]
[White "Rudnik, H."]
[Black "Appelt, G."]
[Result "1/2-1/2"]
[WhiteElo "2179"]
[BlackElo "2054"]
[PlyCount "35"]

1. Nf3 Nf6 2. c4 e6 3. Nc3 b6 4. g3 Bb7 5. Bg2 Be7 6. O-O O-O 7. d4 d5 8. b3
Nbd7 9. Bb2 Rc8 10. Rc1 dxc4 11. bxc4 Ne4 12. Qd3 Nxc3 13. Qxc3 Bf6 14. Qa3 c5
15. e3 Qc7 16. Rfd1 Be4 17. Ne1 Bxg2 18. Nxg2 1/2-1/2

[Event "?"]
[Site "?"]
[Date "????.??.??"]
[Round "?"]
[White "Scholze, R."]
[Black "Harzer, P."]
[Result "0-1"]
[WhiteElo "2050"]
[BlackElo "2125"]
[PlyCount "108"]

1. e4 d5 2. exd5 Nf6 3. Nc3 Nxd5 4. Nxd5 Qxd5 5. Nf3 Bg4 6. Be2 Nc6 7. h3 Bh5
8. c3 O-O-O 9. d4 e5 10. O-O exd4 11. cxd4 Nxd4 12. Nxd4 Bxe2 13. Qxe2 Qxd4 14.
Be3 Qe5 15. Rac1 Bd6 16. f4 Qe6 17. Rfe1 Rhe8 18. Qf2 a6 19. Bc5 Qf6 20. Rxe8
Rxe8 21. Bxd6 Qxd6 22. Qa7 c6 23. Qf2 Qe6 24. Kh1 Qe3 25. Qf1 Qe2 26. Qg1 Kc7
27. Qd4 Qe3 28. Qc4 Qe6 29. Qc3 g6 30. Rd1 Qe3 31. Qa5+ Kc8 32. Qb4 Qe7 33. Qc3
h5 34. b4 Qe3 35. Qf6 Qe6 36. Qc3 Qxa2 37. Ra1 Qd5 38. Qc2 Re3 39. Kh2 Qe4 40.
Qf2 Re2 41. Qg3 Re3 42. Qg5 Qe7 43. Qh6 Rd3 44. b5 axb5 45. Qh8+ Kc7 46. Ra7
Qd6 47. Qh6 Rd4 48. Kg3 Qf6 49. Ra8 h4+ 50. Kf3 Rd3+ 51. Ke2 Qc3 52. Kf2 Qd2+
53. Kf1 Qd1+ 54. Kf2 Rd2+ 0-1

[Event "?"]
[Site "?"]
[Date "????.??.??"]
[Round "?"]
[White "Koksch, G."]
[Black "Thum, F."]
[Result "1-0"]
[WhiteElo "2142"]
[BlackElo "1929"]
[PlyCount "57"]

1. d4 Nf6 2. Nc3 g6 3. e4 d6 4. Bg5 Bg7 5. e5 Nfd7 6. exd6 cxd6 7. Qd2 Qb6 8.
O-O-O Nf6 9. Bxf6 exf6 10. Re1+ Kf8 11. Bb5 Bd7 12. Bxd7 Nxd7 13. Qe3 Qd8 14.
Ne4 Nb6 15. Qa3 Bh6+ 16. Kb1 Nc4 17. Qb4 Qc7 18. b3 a5 19. Qxc4 Qe7 20. Nf3 Kg7
21. Qd5 Rhd8 22. h4 Rac8 23. g4 Qc7 24. Re2 f5 25. g5 fxe4 26. gxh6+ Kg8 27.
Qxe4 a4 28. Rhe1 axb3 29. Qe8+ 1-0

[Event "?"]
[Site "?"]
[Date "????.??.??"]
[Round "?"]
[White "Gafke, M."]
[Black "Duemmke, G."]
[Result "1/2-1/2"]
[WhiteElo "1935"]
[BlackElo "2099"]
[PlyCount "57"]

1. d4 Nf6 2. Nf3 c5 3. c3 e6 4. Bg5 cxd4 5. Nxd4 Be7 6. e3 Nc6 7. Bd3 Ne5 8.
Be2 O-O 9. Bxf6 Bxf6 10. O-O d5 11. Nd2 a6 12. N2f3 b5 13. Nxe5 Bxe5 14. Nf3
Bf6 15. Qc2 Bb7 16. Rad1 Qc7 17. a3 g6 18. h4 Rfd8 19. Ng5 Bxg5 20. hxg5 Qe5
21. Rd4 Qxg5 22. Rg4 Qf6 23. f4 Qf5 24. Qd1 Qe4 25. Rg3 f5 26. Bd3 Qa4 27. Qh5
Kg7 28. Qh4 Rd7 29. Rh3 1/2-1/2

[Event "?"]
[Site "?"]
[Date "????.??.??"]
[Round "?"]
[White "Ehlert, J."]
[Black "Edwards, R."]
[Result "1/2-1/2"]
[WhiteElo "2032"]
[BlackElo "2093"]
[PlyCount "43"]

1. e4 c6 2. d4 d5 3. e5 Bf5 4. Nf3 e6 5. Bd3 Bxd3 6. Qxd3 Ne7 7. O-O Nf5 8.
Nbd2 Be7 9. Re1 Qb6 10. Nf1 Qa6 11. Qd1 Nd7 12. Ne3 Nxe3 13. Bxe3 c5 14. c3 O-O
15. Kh1 Rac8 16. Qd2 cxd4 17. Bxd4 Nc5 18. Qe3 b6 19. Nd2 Na4 20. b3 Nc5 21. f4
Nd7 22. b4 1/2-1/2

[Event "?"]
[Site "?"]
[Date "????.??.??"]
[Round "?"]
[White "Rost van Tonningen, O."]
[Black "Smith, D."]
[Result "1/2-1/2"]
[WhiteElo "2146"]
[BlackElo "2009"]
[PlyCount "60"]

1. e4 d6 2. d4 Nf6 3. Bd3 g6 4. f4 Bg7 5. Nf3 O-O 6. O-O Nc6 7. c3 e5 8. d5 Ne7
9. fxe5 dxe5 10. Nxe5 Nxe4 11. Nxg6 hxg6 12. Bxe4 Qd6 13. Na3 Qc5+ 14. Kh1 Nf5
15. Nc2 Bd7 16. Bxf5 Bxf5 17. Be3 Qd6 18. Nd4 Be4 19. c4 c6 20. Qd2 cxd5 21. c5
Qe5 22. Rad1 Rac8 23. b4 a6 24. a4 Qh5 25. Ne2 Be5 26. Bf4 Qg4 27. Ng3 Bxf4 28.
Rxf4 Qe6 29. Nxe4 dxe4 30. Qe3 f5 1/2-1/2

[Event "?"]
[Site "?"]
[Date "????.??.??"]
[Round "?"]
[White "Pemberton, C."]
[Black "Kool, G."]
[Result "1/2-1/2"]
[WhiteElo "1942"]
[BlackElo "2126"]
[PlyCount "69"]
[EventDate "2006.02.24"]

1. e4 e6 2. d4 d5 3. exd5 exd5 4. c4 Nf6 5. Nc3 Nc6 6. cxd5 Nxd5 7. Bb5 Bb4 8.
Nge2 O-O 9. Bxc6 bxc6 10. O-O Qh4 11. a3 Bd6 12. Ng3 f5 13. Nxd5 cxd5 14. f4
Ba6 15. Rf3 Rae8 16. Bd2 Re6 17. Qc2 Qf6 18. Be3 Rxe3 19. Rxe3 Qxd4 20. Qf2 Bc5
21. Rae1 Qf6 22. b4 Bb6 23. a4 Bc4 24. a5 Bd4 25. Ne2 Bxe2 26. R1xe2 Qd6 27.
Qf3 Re8 28. Kf1 Bxe3 29. Rxe3 Re4 30. Rxe4 fxe4 31. Qg4 d4 32. Qc8+ Qf8 33.
Qe6+ Qf7 34. Qc8+ Qf8 35. Qe6+ 1/2-1/2

[Event "?"]
[Site "?"]
[Date "????.??.??"]
[Round "?"]
[White "Vink, W."]
[Black "Flockhart, H."]
[Result "1/2-1/2"]
[WhiteElo "2141"]
[BlackElo "1887"]
[PlyCount "40"]

1. c4 e5 2. Nc3 Nf6 3. g3 c6 4. d4 e4 5. d5 cxd5 6. cxd5 Bb4 7. Bg5 Bxc3+ 8.
bxc3 h6 9. Bxf6 Qxf6 10. Rc1 O-O 11. Bg2 Re8 12. e3 d6 13. Ne2 Na6 14. O-O Nc5
15. Qd4 Qg5 16. Rb1 b6 17. c4 Bg4 18. Nc3 Bf3 19. Bxf3 exf3 20. h3 Qf5 1/2-1/2

[Event "?"]
[Site "?"]
[Date "????.??.??"]
[Round "?"]
[White "Macgilchrist, S."]
[Black "Monte, P."]
[Result "0-1"]
[WhiteElo "1842"]
[BlackElo "2117"]
[PlyCount "108"]

1. e4 e6 2. d4 d5 3. Nd2 c5 4. Ngf3 Nf6 5. exd5 exd5 6. Bb5+ Bd7 7. Qe2+ Be7 8.
dxc5 O-O 9. Bxd7 Nbxd7 10. O-O Re8 11. Nb3 Nxc5 12. Nxc5 Bxc5 13. Qd3 Qc7 14.
Bg5 Ne4 15. Bh4 f6 16. Rad1 Rad8 17. Bg3 b5 18. Nd2 Qc6 19. Nb3 Bb6 20. Nd4 Qc4
21. Qxc4 bxc4 22. Bf4 Kf7 23. f3 Nc5 24. Rf2 Nd3 25. cxd3 Bxd4 26. dxc4 dxc4
27. Kf1 Bxf2 28. Rxd8 Rxd8 29. Kxf2 Rd5 30. Be3 Ke6 31. Ke2 a5 32. a4 f5 33.
Bd2 g6 34. Bc3 f4 35. Bd2 Kf5 36. g3 fxg3 37. hxg3 h5 38. Bc3 g5 39. Kf2 Rd1
40. Kg2 Ra1 41. Bxa5 Rxa4 42. Bc3 Ra1 43. Kf2 Rc1 44. Kg2 Rc2+ 45. Kf1 h4 46.
gxh4 gxh4 47. Kg1 Kf4 48. Bf6 h3 49. Kh1 Kxf3 50. Be5 Ke4 51. Bh2 Kd3 52. Be5
Re2 53. Bc3 Kc2 54. Kg1 Kb3 0-1

[Event "?"]
[Site "?"]
[Date "????.??.??"]
[Round "?"]
[White "Stavenhagen, J."]
[Black "Salov, S."]
[Result "1/2-1/2"]
[WhiteElo "2019"]
[BlackElo "2304"]
[PlyCount "33"]

1. d4 Nf6 2. c4 d6 3. Nc3 e5 4. d5 Be7 5. Qc2 O-O 6. h3 a5 7. Nf3 Na6 8. e4 Nc5
9. Be3 b6 10. Be2 Ne8 11. g4 Bd7 12. O-O-O a4 13. Rdg1 a3 14. b3 Na6 15. Qd2
Nb4 16. h4 c6 17. Nb1 1/2-1/2

[Event "?"]
[Site "?"]
[Date "????.??.??"]
[Round "?"]
[White "Lomer, E."]
[Black "Müller, S."]
[Result "1-0"]
[WhiteElo "2143"]
[BlackElo "2055"]
[PlyCount "69"]
[EventDate "2006.02.24"]

1. Nf3 b6 2. g3 Bb7 3. d4 Bxf3 4. exf3 e6 5. Bg2 d5 6. O-O Nf6 7. c4 dxc4 8.
Qa4+ c6 9. Qxc4 Be7 10. Nc3 O-O 11. Bg5 b5 12. Qd3 Na6 13. Rfd1 Nb4 14. Qd2
Nbd5 15. f4 Qd7 16. Rac1 Rac8 17. Bxf6 Nxf6 18. Qd3 Rfd8 19. Ne4 Nxe4 20. Bxe4
f5 21. Bf3 Bf6 22. Qc2 Bxd4 23. Bxc6 Qd6 24. Rd2 Qb4 25. Rcd1 Rxc6 26. Qxc6
Bxf2+ 27. Kg2 Rxd2 28. Rxd2 Bc5 29. Qxe6+ Kh8 30. Rd8+ Bf8 31. Qxf5 Kg8 32.
Qe6+ Kh8 33. Qf7 Qxb2+ 34. Kh3 h6 35. Qxf8+ 1-0

[Event "?"]
[Site "?"]
[Date "????.??.??"]
[Round "?"]
[White "Tchetchelnitski, B."]
[Black "Standal, B."]
[Result "1-0"]
[WhiteElo "2204"]
[BlackElo "1935"]
[PlyCount "129"]

1. g3 g6 2. Bg2 Bg7 3. c4 Nf6 4. Nc3 d6 5. Nf3 O-O 6. O-O Nbd7 7. d4 e5 8. e4
c6 9. h3 a6 10. Be3 Qe7 11. Qc2 Nh5 12. Rad1 f5 13. exf5 gxf5 14. dxe5 dxe5 15.
Bg5 Qf7 16. Ne2 Nc5 17. Be3 Ne6 18. Ng5 Nxg5 19. Bxg5 Be6 20. b3 h6 21. Bh4 Bf6
22. Bxf6 Qxf6 23. Qc3 Rad8 24. f4 e4 25. Qxf6 Nxf6 26. Nd4 Bc8 27. Nc2 Kf7 28.
Ne3 Kg6 29. Kf2 h5 30. Rfe1 Rfe8 31. Bf1 Be6 32. Be2 Bc8 33. Rg1 Rxd1 34. Rxd1
Kf7 35. c5 Be6 36. Bc4 Nd5 37. Bxd5 cxd5 38. Nxd5 Rd8 39. Ne3 Rxd1 40. Nxd1 Kf6
41. h4 Bd7 42. Ke3 Bb5 43. Kd4 Bc6 44. Ne3 Ke6 45. a3 Kf6 46. b4 Ke6 47. Nd1
Kf6 48. Nc3 Ke6 49. a4 Bd7 50. b5 axb5 51. axb5 Bc8 52. Kc4 Bd7 53. Ne2 Kf6 54.
Nd4 Be6+ 55. Kc3 Bd5 56. Nc2 Be6 57. Nb4 Bc8 58. Kd4 Ke6 59. Kc4 Bd7 60. c6
bxc6 61. bxc6 Bc8 62. Kc5 e3 63. Nc2 e2 64. Nd4+ Ke7 65. Nxe2 1-0

[Event "?"]
[Site "?"]
[Date "????.??.??"]
[Round "?"]
[White "Turikov, V."]
[Black "Vasiukov, E."]
[Result "1/2-1/2"]
[WhiteElo "2345"]
[BlackElo "2493"]
[PlyCount "42"]

1. e3 g6 2. Nf3 Bg7 3. d4 Nf6 4. Bd3 O-O 5. O-O d6 6. Nbd2 Nc6 7. c3 e5 8. Re1
Qe7 9. e4 Nd7 10. Nb3 Kh8 11. Qc2 b6 12. a4 a5 13. Be3 Nf6 14. h3 Bb7 15. Nbd2
Nh5 16. Nf1 Nb8 17. N1h2 Nd7 18. Bg5 Bf6 19. Bh6 Bg7 20. Bg5 Bf6 21. Bh6 Bg7
1/2-1/2

[Event "?"]
[Site "?"]
[Date "????.??.??"]
[Round "?"]
[White "Shabanov, Y."]
[Black "Golcman, E."]
[Result "1-0"]
[WhiteElo "2427"]
[BlackElo "2317"]
[PlyCount "112"]

1. e4 e5 2. Nf3 Nc6 3. Bb5 g6 4. d4 exd4 5. Bg5 Be7 6. Bxe7 Qxe7 7. O-O Qc5 8.
Bxc6 dxc6 9. Qxd4 Qxd4 10. Nxd4 Bd7 11. Nc3 O-O-O 12. Rad1 Nf6 13. f3 Rhe8 14.
Rd2 c5 15. Nde2 Bc6 16. Rxd8+ Rxd8 17. Rd1 Nd7 18. Nd5 Bxd5 19. Rxd5 c6 20. Rd1
b5 21. Kf2 Kc7 22. f4 Re8 23. Kf3 a5 24. g4 c4 25. Ng3 Rd8 26. Ke3 Rh8 27. h4
h6 28. Kf3 Rd8 29. Re1 Re8 30. g5 hxg5 31. hxg5 Rh8 32. Rh1 Rxh1 33. Nxh1 Nc5
34. Nf2 Kd6 35. Ke3 Na4 36. Nd1 Nc5 37. Nc3 b4 38. Nd1 Ne6 39. Nf2 c5 40. Ng4
Nd4 41. Ne5 Nxc2+ 42. Kd2 Nd4 43. Nxc4+ Kc6 44. Nxa5+ Kb5 45. Nb7 Ne6 46. Ke3
Kc6 47. Na5+ Kb5 48. Nb3 Ng7 49. Nd2 c4 50. Nf3 Kc5 51. Ne5 Ne6 52. Nxf7 c3 53.
bxc3 bxc3 54. f5 Nf4 55. Ne5 c2 56. Kd2 Kd4 1-0

[Event "?"]
[Site "?"]
[Date "????.??.??"]
[Round "?"]
[White "Krylov, S."]
[Black "Chernikov, O."]
[Result "1/2-1/2"]
[WhiteElo "2253"]
[BlackElo "2411"]
[PlyCount "48"]

1. e4 c5 2. Nf3 g6 3. d4 Bg7 4. Nc3 cxd4 5. Nxd4 Nc6 6. Be3 Nf6 7. Be2 O-O 8.
O-O d5 9. exd5 Nxd5 10. Nxd5 Nxd4 11. Bxd4 Qxd5 12. Bxg7 Qxd1 13. Rfxd1 Kxg7
14. Bf3 Bf5 15. c3 Rac8 16. Rd2 Rc7 17. Rad1 b5 18. h3 a5 19. Rd8 Be6 20. Rxf8
Kxf8 21. Rd8+ Kg7 22. Bd5 b4 23. Bxe6 fxe6 24. Ra8 bxc3 1/2-1/2

[Event "?"]
[Site "?"]
[Date "????.??.??"]
[Round "?"]
[White "Arkhangelsky, B."]
[Black "Vager, B."]
[Result "1-0"]
[WhiteElo "2384"]
[BlackElo "2175"]
[PlyCount "51"]

1. d4 e6 2. Nf3 f5 3. g3 Nf6 4. Bg2 Be7 5. O-O O-O 6. b3 d6 7. Bb2 Qe8 8. Nbd2
Qh5 9. Ne1 Nc6 10. Nd3 Bd7 11. c4 Rae8 12. b4 a6 13. a4 Nd8 14. b5 Bc8 15. e3
Qxd1 16. Rfxd1 a5 17. c5 dxc5 18. dxc5 Nd7 19. Nb3 b6 20. Rac1 Nf7 21. cxb6
cxb6 22. f4 Nd6 23. Bc6 Rd8 24. Ba3 Nf6 25. Ne5 Nfe4 26. Bxe4 1-0